| 000 | 00611nam a22002057a 4500 | ||
|---|---|---|---|
| 003 | OSt | ||
| 005 | 20251126083740.0 | ||
| 008 | 251126b |||||||| |||| 00| 0 eng d | ||
| 020 | _a0-534-61218-0. | ||
| 040 |
_aDWCL-Main lib _cOC |
||
| 082 | _aCirc. 152.4 K14e 2007 | ||
| 100 | _aKalat, James W. | ||
| 245 |
_aEmotion _cKalat, James W. |
||
| 260 |
_aBelmont, Ca. : _bThomson/Wadsworth, _cc2007. |
||
| 300 |
_axix, 397 pages : _billustration ; _c23 cm. |
||
| 504 | _aIncludes bibliographical references and index. | ||
| 650 | _21. Emotions. | ||
| 700 | _aShiota, Michelle N. | ||
| 942 |
_2ddc _cBK-CIRC _kCirc. _n0 |
||
| 999 |
_c6341 _d6341 |
||